00609 a2200205 450000500170000001000130001702000240003003500130005403700090006708200060007610000260008224500350010826000250014327000110016830000220017970000100020194200250021199900190023695201480025520240517142940.0 aB-759103 a97893547185c350.00 aB-759103 bGift aN aAlexander, K.R966357 aThe Fear Zone/cK.R. Alexander aUKbScholasticc2023 aUKbUK a296 p.c19cm (Pb) 966330 adplcCH2ddchNmALE c202955d202955 001040708FICaAVbAVd2024-05-17eGift/10.5.24g350.00l1oN ALEpB-759103r2025-03-07 00:00:00s2025-02-14t1v350.00w2024-05-17yCHzGift